A princesa e a ervilha (Registo nº 7729)

Detalhes MARC
000 -Etiqueta do registo
Valores 00652nam a22002291i 4500
010 ## - Número ISBN
ISBN 9789724300863
090 ## -
-- 7729
100 ## - Dados gerais de processamento
Dados gerais 20170304u u u0frey50 ba
101 0# - Língua de publicação
-- por
200 1# - Titulo e menção de responsabilidade
Primeira menção de responsabilidade Hans Christian Andersen
Título próprio A princesa e a ervilha
Outras menções de responsabilidade adapt. Eduard José
210 ## - Publicação
Nome do editor Edinter
Local de publicação Porto
Data de publicação 1990
215 ## - Descrição física 
Paginação / Volumes [28] p.
Outras indicações físicas il.
Dimensões 20 cm
225 2# - Colecção 
Título próprio da colecção Contos de sempre
Indicação de volume 10
606 ## - Nome comum usado como assunto
ID Autoridade 185
Palavra de ordem Literatura infantil
675 ## - CDU
Notação 8:087.5
-- 69
700 #1 - Autor principal (pessoa individual)
Apelido Andersen
Nome Hans Christian
-- 070
Datas 1805-1875
702 #1 - Autor secundário (pessoa individual)
Apelido Pinto
Nome Ana Paula
-- 730
702 #1 - Autor secundário (pessoa individual)
Apelido Rovira
Nome Francesc
-- 440
ID Autoridade 3611
702 #1 - Autor secundário (pessoa individual)
Apelido José
Nome Eduard
-- 010
801 ## - Fonte de origem
País PT
Regras de catalogação RPC
990 ## - Elementos KOHA
Tipo de documento Livro
Exemplares
Situação do levantamento Estado Biblioteca de origem Biblioteca de empréstimo Código de barras Cota Permissão de empréstimo Tipo de documento Nota relativa ao exemplar
  Completo Biblioteca Municipal de Viana Do Alentejo Biblioteca Municipal de Viana Do Alentejo 0011125 8 AND Disponível Livro 6-10 anos




Powered by Koha